00316nam a2200109Ia 4500008004100000041000800041082001600049100002800065245005900093260004600152300000800198231228s1999 xx 000 0 und d aeng a382.92bDEB aDEBROY / KAUSHIK (P.D.) aIndian Industrys Guide to the World Trade Organisation aNew DelhibConfederation of India -c1999 a179